Agua que no has de beber (recorte) /

Guardado en:
Autor Principal: Farreta Angel
Formato: Libro
Publicado: : , 1988
Series:First N§ 16
Materias:
Fc
Etiquetas: Agregar Etiqueta
Sin Etiquetas, Sea el primero en etiquetar este registro!
LEADER 00453nam a22001815a 4500
001 CEM.cems009179
005 20060214000000.0
008 130507s1988##################000#0#####d
003 CEMS
082 0 4 |a F574.5 
100 1 |a Farreta Angel 
245 1 0 |a Agua que no has de beber (recorte) / 
260 |a  :  |b ,  |c 1988 
300 |a 5 p. 
490 0 |a First N§ 16 
653 |a Ecologia 
653 |a Fc 
859 |a CEMS  |b BIB. CEMS - 11 de abril  |h F574.5  |i 18  |p 1441.44  |t Ej.1